01126nam a22002657a 4500003000500000005001700005008004100022020002700063040002300090082002100113100002400134110004200158245006800200250001900268260004700287300004000334500014000374521004500514650006800559651001700627700002200644942005800666999001900724952011700743322820240424131153.0240424b sa ||||| |||| 00| 0 eng d a92135400106cHardCover a3228bEnglishcrda 223aJ 220.07 ELL aElliot B.R.9186461 aJoshua Morris Publishing Inc.9186462 aAmazing facts from the Bible, Achildren's fun book of knowledge aSecond Edition aUSA:bJoshua Morris Publishing Inc;cc1992 a93 Pages.;bColoured Picturesc21cm aJust how big was Goliath? How big was Noah"s ark? Who were the first twins? Who was the first musician? Which king was a nature expert? aJunior Non-Fiction-: Juvenile Literature 2Amazing facts from the Bible, Achildren"s fun book of knowledge 2South Africa aLang J.S.9162397 2ddccBOOKe23w8485xJulia Mabuzay8485zJulia Mabuza c763354d763353 00102ddc40718200aNTHOLbNTHOLcNon_Fictiond2024-04-24l0o23 J 220.07 ELLr2024-04-24t1w2024-04-24yBOOK